Disney Animated Classics - Statistics

General Stats
  • This quiz has been taken 179 times
  • The average score is 31 of 60
Answer Stats
Year Film % Correct
1937 Snow White and the Seven Dwarfs
96%
1950 Cinderella
89%
1991 Beauty and the Beast
82%
1992 Aladdin
81%
1998 Mulan
77%
1959 Sleeping Beauty
77%
1989 The Little Mermaid
75%
2013 Frozen
74%
1994 The Lion King
74%
1941 Dumbo
71%
1940 Pinocchio
70%
1995 Pocahontas
70%
1942 Bambi
67%
1940 Fantasia
67%
2016 Moana
67%
2009 The Princess and the Frog
67%
2010 Tangled
66%
1961 One Hundred and One Dalmatians
62%
2019 Frozen II
59%
1999 Tarzan
59%
1970 The Aristocats
58%
2021 Encanto
56%
1977 The Rescuers
55%
1997 Hercules
52%
1955 Lady and the Tramp
51%
1973 Robin Hood
51%
1967 The Jungle Book
51%
1953 Peter Pan
49%
1996 The Hunchback of Notre Dame
49%
1977 The Many Adventures of Winnie the Pooh
47%
1990 The Rescuers Down Under
47%
2011 Winnie the Pooh
47%
2012 Wreck-It Ralph
47%
1999 Fantasia 2000
45%
1988 Oliver & Company
44%
1985 The Black Cauldron
44%
1963 The Sword in the Stone
44%
1951 Alice in Wonderland
42%
2005 Chicken Little
41%
1981 The Fox and the Hound
41%
1945 The Three Caballeros
41%
2001 Atlantis: The Lost Empire
40%
1949 The Adventures of Ichabod and Mr Toad
38%
2014 Big Hero 6
37%
2000 Dinosaur
37%
2018 Ralph Breaks the Internet
37%
2016 Zootopia
37%
2008 Bolt
36%
2002 Lilo & Stitch
36%
1946 Make Mine Music
36%
1943 Saludos Amigos
36%
2000 The Emperor's New Groove
34%
2021 Raya and the Last Dragon
33%
1986 The Great Mouse Detective
33%
2003 Brother Bear
32%
2002 Treasure Planet
30%
1947 Fun and Fancy Free
29%
2007 Meet the Robinsons
29%
2004 Home on the Range
27%
1948 Melody Time
26%
No matching quizzes found
Score Distribution
Percent of People with Each Score
Percentile by Number Answered
Your Score History
You have not taken this quiz